[Event "ureki 2015"]
[Site "?"]
[Date "2015.10.06"]
[Round "2.12"]
[White "Unapkoshvili, Nani"]
[Black "Choladze, Mariam"]
[Result "0-1"]
[LiveChessVersion "1.3.1"]
[BlackElo "2095"]
[WhiteElo "2042"]

1. Nf3 {[%clk 1:30:55]} Nf6 {[%clk 1:30:54]} 2. g3 {[%clk 1:31:08]} b5
{[%clk 1:28:56]} 3. Bg2 {[%clk 1:31:09]} Bb7 {[%clk 1:29:21]} 4. O-O
{[%clk 1:31:00]} c5 {[%clk 1:25:59]} 5. d3 {[%clk 1:30:05]} d6 {[%clk 1:19:42]}
6. e4 {[%clk 1:28:55]} g6 {[%clk 1:11:34]} 7. Qe2 {[%clk 1:20:32]} Bg7
{[%clk 1:10:21]} 8. d4 {[%clk 1:04:41]} Bxe4 {[%clk 0:55:59]} 9. dxc5
{[%clk 1:04:46]} dxc5 {[%clk 0:54:44]} 10. Qxb5+ {[%clk 1:05:03]} Nbd7
{[%clk 0:53:13]} 11. Ne5 {[%clk 0:37:55]} Rb8 {[%clk 0:40:16]} 12. Qa4
{[%clk 0:37:58]} Rb4 {[%clk 0:39:13]} 13. Qxa7 {[%clk 0:36:17]} Nxe5
{[%clk 0:33:30]} 14. Qxc5 {[%clk 0:36:36]} Qb8 {[%clk 0:32:25]} 15. Bxe4
{[%clk 0:28:13]} Nxe4 {[%clk 0:27:11]} 16. Qe3 {[%clk 0:28:10]} Nd6
{[%clk 0:27:37]} 17. c3 {[%clk 0:18:16]} Re4 {[%clk 0:25:55]} 18. Qc5
{[%clk 0:18:35]} Nf3+ {[%clk 0:25:48]} 19. Kg2 {[%clk 0:18:52]} Qb7
{[%clk 0:25:52]} 20. Rd1 {[%clk 0:18:32]} Re5 {[%clk 0:25:26]} 21. Qb4
{[%clk 0:14:51]} Ne1+ {[%clk 0:25:05]} 22. Kh3 {[%clk 0:15:17]} Qg2+
{[%clk 0:24:58]} 0-1

[Event "ureki 2015"]
[Site "?"]
[Date "2015.10.06"]
[Round "2.1"]
[White "Bakhtadze, Levan"]
[Black "Bernadskiy, Vitaliy"]
[Result "0-1"]
[LiveChessVersion "1.3.1"]
[BlackElo "2544"]
[WhiteElo "2072"]

1. d4 Nf6 2. Nf3 g6 3. Nc3 Bg7 4. e4 d6 5. h3 O-O 6. Be3 a6 7. a4 Nc6 8. d5 Nb8
9. Be2 c6 10. O-O cxd5 11. exd5 b6 12. Qd2 Bb7 13. Rad1 Nbd7 14. Bh6 Rc8 15. Bxg7
Kxg7 16. Rfe1 Rc5 17. b4 Rc8 18. Qd4 Qc7 19. Rd3 Rfe8 20. Re3 Ne5 21. Nd2 e6 22.
dxe6 Rxe6 23. Nce4 Nd5 24. Bc4 Nxe3 25. Rxe3 d5 26. Ng5 Re7 27. f4 dxc4 28. Rxe5
Rxe5 29. fxe5 Rd8 30. Qf4 Rxd2 31. Qxd2 Qxe5 32. Kf2 c3 33. Qd7 Qxg5 34. Qxb7
Qd2+ 35. Kg3 Qxc2 36. Qxb6 Qd3+ 37. Kh2 c2 38. Qc5 Qd2 0-1

[Event "ureki 2015"]
[Site "?"]
[Date "2015.10.06"]
[Round "2.2"]
[White "Sivuk, Vitaly"]
[Black "Kobakhidze, Irakli"]
[Result "1-0"]
[LiveChessVersion "1.3.1"]
[BlackElo "1511"]
[WhiteElo "2490"]

1. d4 {[%clk 1:30:50]} Nf6 {[%clk 1:30:43]} 2. c4 {[%clk 1:31:14]} c5
{[%clk 1:31:01]} 3. d5 {[%clk 1:31:28]} e6 {[%clk 1:31:18]} 4. Nc3
{[%clk 1:31:43]} exd5 {[%clk 1:31:36]} 5. cxd5 {[%clk 1:32:02]} d6
{[%clk 1:31:59]} 6. Nf3 {[%clk 1:31:55]} g6 {[%clk 1:32:17]} 7. Bf4
{[%clk 1:32:07]} Bg7 {[%clk 1:32:18]} 8. Qa4+ {[%clk 1:32:07]} Bd7
{[%clk 1:32:02]} 9. Qb3 {[%clk 1:32:27]} Qc7 {[%clk 1:31:47]} 10. h3
{[%clk 1:31:56]} O-O {[%clk 1:32:08]} 11. e3 {[%clk 1:32:04]} a6 {[%clk 1:28:15]}
12. a4 {[%clk 1:32:09]} Nh5 {[%clk 1:27:30]} 13. Bh2 {[%clk 1:32:07]} Re8
{[%clk 1:25:25]} 14. Be2 {[%clk 1:32:09]} Bc8 {[%clk 1:21:36]} 15. Nd2
{[%clk 1:31:20]} f5 {[%clk 1:21:12]} 16. Nc4 {[%clk 1:29:17]} Bf8
{[%clk 1:20:29]} 17. Qb6 {[%clk 1:26:40]} Qxb6 {[%clk 1:19:37]} 18. Nxb6
{[%clk 1:27:06]} Ra7 {[%clk 1:19:58]} 19. Bxh5 {[%clk 1:21:01]} gxh5
{[%clk 1:18:46]} 20. Nc4 {[%clk 1:21:15]} Rd8 {[%clk 1:19:01]} 21. a5
{[%clk 1:19:47]} b6 {[%clk 1:18:07]} 22. axb6 {[%clk 1:19:01]} Rg7
{[%clk 1:18:27]} 23. Kf1 {[%clk 1:18:12]} Rg6 {[%clk 1:17:49]} 24. Ne2
{[%clk 1:17:55]} Bd7 {[%clk 1:14:38]} 25. Nf4 {[%clk 1:17:30]} Bb5
{[%clk 1:14:54]} 26. b3 {[%clk 1:17:47]} Nd7 {[%clk 1:13:57]} 27. Nxg6
{[%clk 1:17:13]} hxg6 {[%clk 1:14:15]} 28. Ke1 {[%clk 1:15:16]} Bxc4
{[%clk 1:13:53]} 29. bxc4 {[%clk 1:15:38]} Nxb6 {[%clk 1:14:11]} 30. Ke2
{[%clk 1:14:08]} Nxc4 {[%clk 1:13:57]} 31. Rhb1 {[%clk 1:14:16]} g5
{[%clk 1:06:57]} 32. Ra4 {[%clk 1:13:21]} Ne5 {[%clk 1:07:03]} 33. Bxe5
{[%clk 1:12:28]} dxe5 {[%clk 1:07:20]} 34. Rxa6 {[%clk 1:12:52]} g4
{[%clk 1:04:32]} 35. Rb7 {[%clk 1:09:47]} f4 {[%clk 1:02:52]} 36. hxg4
{[%clk 1:09:40]} fxe3 {[%clk 1:01:55]} 37. Kxe3 {[%clk 1:08:30]} hxg4
{[%clk 1:01:49]} 38. Ke4 {[%clk 1:08:51]} c4 {[%clk 0:59:08]} 39. Rc6
{[%clk 1:07:21]} g3 {[%clk 0:58:07]} 40. fxg3 {[%clk 1:37:38]} 1-0

[Event "ureki 2015"]
[Site "?"]
[Date "2015.10.06"]
[Round "2.3"]
[White "Petriashvili, Nikoloz"]
[Black "Popov, Valerij"]
[Result "0-1"]
[LiveChessVersion "1.3.1"]
[BlackElo "2525"]
[WhiteElo "2240"]

1. d4 {[%clk 1:30:55]} d5 {[%clk 1:30:44]} 2. c4 {[%clk 1:31:15]} e6
{[%clk 1:31:07]} 3. Nc3 {[%clk 1:31:13]} Bb4 {[%clk 1:31:23]} 4. Nf3
{[%clk 1:29:09]} dxc4 {[%clk 1:31:42]} 5. e4 {[%clk 1:17:31]} b5 {[%clk 1:31:36]}
6. a4 {[%clk 1:16:45]} c6 {[%clk 1:31:54]} 7. Bd2 {[%clk 1:15:38]} Nf6
{[%clk 1:30:46]} 8. Qb1 {[%clk 1:08:16]} Bd7 {[%clk 1:09:00]} 9. g4
{[%clk 0:58:28]} Nxg4 {[%clk 1:02:16]} 10. e5 {[%clk 0:50:14]} Nh6
{[%clk 0:59:43]} 11. Bxh6 {[%clk 0:43:49]} gxh6 {[%clk 0:59:45]} 12. Rg1
{[%clk 0:39:59]} Na6 {[%clk 0:52:19]} 13. Qc1 {[%clk 0:28:10]} c5
{[%clk 0:45:45]} 14. axb5 {[%clk 0:17:55]} Bxb5 {[%clk 0:45:37]} 15. Qf4
{[%clk 0:08:34]} Qb6 {[%clk 0:42:16]} 16. Qf6 {[%clk 0:07:19]} Rf8
{[%clk 0:42:28]} 17. Ke2 {[%clk 0:03:05]} cxd4 {[%clk 0:35:05]} 18. Nxb5
{[%clk 0:02:28]} d3+ {[%clk 0:35:16]} 19. Kd1 {[%clk 0:02:52]} Qxb5
{[%clk 0:35:35]} 20. Nd4 {[%clk 0:02:14]} Qb6 {[%clk 0:35:58]} 21. Rg7
{[%clk 0:00:58]} Be7 {[%clk 0:32:10]} 22. Qf4 {[%clk 0:01:20]} Rd8
{[%clk 0:31:54]} 23. Rg4 {[%clk 0:00:41]} h5 {[%clk 0:30:31]} 24. Nxe6
{[%clk 0:00:35]} Qb3+ {[%clk 0:29:52]} 0-1

[Event "ureki 2015"]
[Site "?"]
[Date "2015.10.06"]
[Round "2.4"]
[White "Lomineishvili, Maia"]
[Black "Gavasheli, Ana"]
[Result "1/2-1/2"]
[LiveChessVersion "1.3.1"]
[BlackElo "2168"]
[WhiteElo "2369"]

1. d4 {[%clk 1:30:53]} d5 {[%clk 1:30:56]} 2. c4 {[%clk 1:31:08]} e6
{[%clk 1:31:22]} 3. Nc3 {[%clk 1:31:29]} c5 {[%clk 1:31:47]} 4. cxd5
{[%clk 1:31:44]} exd5 {[%clk 1:32:14]} 5. Nf3 {[%clk 1:32:00]} Nc6
{[%clk 1:32:39]} 6. g3 {[%clk 1:31:26]} Nf6 {[%clk 1:33:05]} 7. Bg2
{[%clk 1:31:42]} Be7 {[%clk 1:33:29]} 8. O-O {[%clk 1:32:01]} O-O
{[%clk 1:33:55]} 9. Bg5 {[%clk 1:26:31]} c4 {[%clk 1:34:20]} 10. b3
{[%clk 1:24:07]} Qa5 {[%clk 1:34:39]} 11. Bd2 {[%clk 1:12:28]} Bb4
{[%clk 1:35:03]} 12. Qc2 {[%clk 1:08:26]} Re8 {[%clk 1:35:28]} 13. a3
{[%clk 1:06:27]} Bxc3 {[%clk 1:35:52]} 14. Bxc3 {[%clk 1:06:44]} Bf5
{[%clk 1:36:18]} 15. Qxf5 {[%clk 1:04:26]} Qxc3 {[%clk 1:36:43]} 16. bxc4
{[%clk 1:04:35]} Rxe2 {[%clk 1:37:08]} 17. cxd5 {[%clk 1:01:31]} Ne7
{[%clk 1:37:16]} 18. Qb1 {[%clk 1:01:16]} Rb2 {[%clk 1:37:32]} 19. Qd1
{[%clk 0:53:29]} Nexd5 {[%clk 1:36:59]} 20. Ne5 {[%clk 0:38:08]} Rd8
{[%clk 1:18:03]} 21. Rc1 {[%clk 0:37:38]} Qb3 {[%clk 1:14:50]} 22. Qxb3
{[%clk 0:32:37]} Rxb3 {[%clk 1:15:16]} 23. Rb1 {[%clk 0:32:50]} Rxb1
{[%clk 1:10:27]} 24. Rxb1 {[%clk 0:33:15]} b6 {[%clk 1:10:06]} 25. Rc1
{[%clk 0:31:52]} Kf8 {[%clk 1:09:16]} 26. Bf3 {[%clk 0:27:22]} h6
{[%clk 1:06:15]} 27. h4 {[%clk 0:27:18]} g6 {[%clk 1:02:28]} 28. Kf1
{[%clk 0:23:16]} a5 {[%clk 0:44:56]} 29. a4 {[%clk 0:16:21]} Ne7 {[%clk 0:43:55]}
30. Rc7 {[%clk 0:15:48]} Nfd5 {[%clk 0:43:15]} 31. Bxd5 {[%clk 0:12:55]} Rxd5
{[%clk 0:43:29]} 32. Nd7+ {[%clk 0:13:16]} Kg7 {[%clk 0:42:40]} 33. Nxb6
{[%clk 0:13:34]} Rd6 {[%clk 0:42:33]} 34. Rxe7 {[%clk 0:12:50]} Rxb6
{[%clk 0:42:55]} 35. Ra7 {[%clk 0:13:00]} Rb4 {[%clk 0:43:03]} 36. Rxa5
{[%clk 0:13:20]} Rxd4 {[%clk 0:43:28]} 37. Ra7 {[%clk 0:11:14]} h5
{[%clk 0:43:20]} 38. Ke2 {[%clk 0:11:26]} Rb4 {[%clk 0:43:40]} 39. a5
{[%clk 0:11:49]} Rb2+ {[%clk 0:44:01]} 40. Ke3 {[%clk 0:41:22]} Rb3+
{[%clk 1:13:49]} 41. Kd4 {[%clk 0:38:09]} Rb2 {[%clk 1:12:01]} 42. a6
{[%clk 0:38:02]} Rxf2 {[%clk 1:12:26]} 43. Rb7 {[%clk 0:38:02]} Ra2
{[%clk 1:09:42]} 44. a7 {[%clk 0:38:26]} Kf6 {[%clk 1:10:08]} 45. Kc5
{[%clk 0:21:37]} Kf5 {[%clk 1:10:29]} 46. Rxf7+ {[%clk 0:21:13]} Kg4
{[%clk 1:10:54]} 47. Kb6 {[%clk 0:20:30]} Kxg3 {[%clk 1:10:58]} 48. Rf8
{[%clk 0:15:31]} Rxa7 {[%clk 1:09:19]} 49. Kxa7 {[%clk 0:15:56]} Kxh4
{[%clk 1:09:47]} 50. Kb6 {[%clk 0:16:13]} Kg3 {[%clk 1:09:47]} 51. Rg8
{[%clk 0:09:55]} h4 {[%clk 1:10:12]} 52. Rxg6+ {[%clk 0:10:05]} Kf3
{[%clk 1:09:58]} 53. Rh6 {[%clk 0:10:24]} Kg3 {[%clk 1:10:25]} 54. Kc5
{[%clk 0:10:45]} h3 {[%clk 1:10:51]} 55. Kd4 {[%clk 0:11:03]} h2 {[%clk 1:11:16]}
56. Ke3 {[%clk 0:11:19]} Kg2 {[%clk 1:11:42]} 57. Rg6+ {[%clk 0:11:40]} Kf1
{[%clk 1:10:53]} 58. Rf6+ {[%clk 0:10:34]} Kg1 {[%clk 1:11:03]} 59. Kd4 1/2-1/2

[Event "ureki 2015"]
[Site "?"]
[Date "2015.10.06"]
[Round "2.5"]
[White "Metreveli, Lekso"]
[Black "Chigaev, Maksim"]
[Result "0-1"]
[LiveChessVersion "1.3.1"]
[BlackElo "2521"]
[WhiteElo "1443"]

1. e4 {[%clk 1:30:54]} c5 {[%clk 1:30:49]} 2. Nf3 {[%clk 1:30:56]} e6 3. d4
{[%clk 1:30:52]} cxd4 {[%clk 1:31:36]} 4. Nxd4 {[%clk 1:31:11]} a6
{[%clk 1:31:59]} 5. Nc3 {[%clk 1:30:48]} Qc7 {[%clk 1:32:01]} 6. Be2
{[%clk 1:30:07]} Nf6 {[%clk 1:32:09]} 7. O-O {[%clk 1:29:40]} Nc6
{[%clk 1:32:31]} 8. Be3 {[%clk 1:27:40]} Bb4 {[%clk 1:32:49]} 9. f3
{[%clk 1:24:21]} O-O {[%clk 1:32:45]} 10. a3 {[%clk 1:21:01]} Bc5
{[%clk 1:31:26]} 11. Bf2 d6 12. Nb3 {[%clk 1:18:11]} Bxf2+ {[%clk 1:30:05]} 13.
Rxf2 e5 14. Rc1 {[%clk 1:12:02]} Be6 {[%clk 1:30:21]} 15. Nd5 {[%clk 1:11:55]}
Bxd5 {[%clk 1:30:20]} 16. exd5 Na5 17. Nxa5 {[%clk 1:10:06]} Qxa5
{[%clk 1:29:20]} 18. c4 {[%clk 1:09:17]} Rac8 {[%clk 1:29:04]} 19. Bd3
{[%clk 1:07:58]} Qb6 {[%clk 1:27:18]} 20. g3 a5 21. Kg2 {[%clk 0:59:27]} g6
{[%clk 1:27:41]} 22. Qd2 {[%clk 0:58:30]} a4 {[%clk 1:27:35]} 23. h4 Kg7 24. Rh1
{[%clk 0:47:04]} Nh5 {[%clk 1:24:25]} 25. f4 f5 {[%clk 1:21:17]} 26. fxe5
{[%clk 0:45:55]} dxe5 27. Qg5 {[%clk 0:16:05]} Kh8 {[%clk 1:19:29]} 28. Rhf1 Qf6
{[%clk 1:18:00]} 29. Qxf6+ {[%clk 0:14:01]} Nxf6 {[%clk 1:18:23]} 30. Bxf5
{[%clk 0:10:03]} gxf5 {[%clk 1:18:38]} 31. Rxf5 {[%clk 0:10:26]} Nd7
{[%clk 1:18:50]} 32. Rxf8+ {[%clk 0:10:42]} Nxf8 {[%clk 1:19:13]} 33. Rf7
{[%clk 0:10:11]} b6 {[%clk 1:18:56]} 34. Kf3 {[%clk 0:05:45]} Kg8
{[%clk 1:19:17]} 35. Rb7 Rxc4 {[%clk 1:19:37]} 36. Rxb6 {[%clk 0:06:13]} Rd4
{[%clk 1:19:03]} 37. Ra6 {[%clk 0:04:15]} Nd7 {[%clk 1:19:02]} 38. Ra8+
{[%clk 0:03:25]} Kf7 {[%clk 1:19:24]} 39. Ra7 {[%clk 0:02:58]} Rxd5
{[%clk 1:19:15]} 40. Rxa4 {[%clk 0:33:10]} Rd3+ {[%clk 1:49:41]} 41. Ke2
{[%clk 0:26:41]} Rxg3 {[%clk 1:50:06]} 42. Ra7 {[%clk 0:26:31]} Ke6
{[%clk 1:50:30]} 43. Ra6+ {[%clk 0:25:33]} Kf5 {[%clk 1:50:55]} 44. Rd6
{[%clk 0:23:52]} Nc5 45. b4 {[%clk 0:22:32]} Na4 {[%clk 1:51:42]} 46. Rh6
{[%clk 0:22:10]} Rxa3 {[%clk 1:51:56]} 47. Rxh7 {[%clk 0:21:55]} Ke4
{[%clk 1:52:06]} 48. h5 {[%clk 0:20:53]} Rb3 {[%clk 1:50:19]} 49. h6 Rxb4
{[%clk 1:49:32]} 50. Rd7 {[%clk 0:20:56]} Rb8 {[%clk 1:49:21]} 51. h7
{[%clk 0:20:54]} Nc5 {[%clk 1:49:23]} 52. Rc7 {[%clk 0:20:45]} Ne6
{[%clk 1:49:39]} 53. Rb7 {[%clk 0:19:51]} Rh8 {[%clk 1:50:22]} 54. Re7
{[%clk 0:15:13]} Ng5 0-1

[Event "ureki 2015"]
[Site "?"]
[Date "2015.10.06"]
[Round "2.6"]
[White "Osmak, Iulija"]
[Black "Kostava, Elene"]
[Result "1-0"]
[LiveChessVersion "1.3.1"]
[BlackElo "1775"]
[WhiteElo "2347"]

1. e4 {[%clk 1:30:58]} c6 {[%clk 1:30:53]} 2. d4 {[%clk 1:31:24]} d5
{[%clk 1:31:17]} 3. e5 {[%clk 1:31:51]} c5 {[%clk 1:31:38]} 4. Nf3
{[%clk 1:32:14]} Bg4 {[%clk 1:31:57]} 5. c4 {[%clk 1:30:07]} cxd4
{[%clk 1:32:13]} 6. cxd5 {[%clk 1:28:35]} Qxd5 {[%clk 1:32:27]} 7. Nc3
{[%clk 1:28:04]} Bxf3 {[%clk 1:32:05]} 8. Nxd5 {[%clk 1:28:04]} Bxd1
{[%clk 1:32:26]} 9. Nc7+ {[%clk 1:28:07]} Kd7 {[%clk 1:32:36]} 10. Nxa8
{[%clk 1:28:25]} Bc2 {[%clk 1:32:49]} 11. Bf4 {[%clk 1:25:33]} Nc6
{[%clk 1:26:57]} 12. Rc1 {[%clk 1:22:25]} Bf5 {[%clk 1:24:01]} 13. b4
{[%clk 1:14:20]} e6 {[%clk 1:05:49]} 14. b5 {[%clk 1:11:20]} Bb4+
{[%clk 1:05:56]} 15. Bd2 {[%clk 1:07:46]} Bxd2+ {[%clk 1:00:25]} 16. Kxd2
{[%clk 1:08:11]} Nxe5 {[%clk 0:59:33]} 17. Rc7+ {[%clk 1:08:14]} Kd6
{[%clk 0:59:06]} 18. Rc8 {[%clk 0:58:57]} Ng6 {[%clk 0:36:43]} 19. f3
{[%clk 0:52:31]} N8e7 {[%clk 0:32:27]} 20. Rxh8 {[%clk 0:52:48]} Nxh8
{[%clk 0:32:51]} 21. g4 {[%clk 0:52:44]} Bb1 {[%clk 0:31:08]} 22. Bc4
{[%clk 0:52:03]} Bg6 {[%clk 0:30:33]} 23. Rc1 {[%clk 0:51:41]} f6
{[%clk 0:28:46]} 24. Bb3 {[%clk 0:49:01]} Nf7 {[%clk 0:26:07]} 25. Rc7
{[%clk 0:40:55]} Nd8 {[%clk 0:25:36]} 26. a4 {[%clk 0:38:40]} Be8
{[%clk 0:23:38]} 27. Rc1 {[%clk 0:37:03]} h5 {[%clk 0:18:33]} 28. Nc7
{[%clk 0:35:49]} Bf7 {[%clk 0:18:50]} 29. Kd3 {[%clk 0:31:26]} h4
{[%clk 0:17:32]} 30. b6 {[%clk 0:29:48]} a6 {[%clk 0:11:01]} 31. Kxd4
{[%clk 0:29:51]} Nec6+ {[%clk 0:09:23]} 32. Ke3 {[%clk 0:29:55]} Ne5
{[%clk 0:09:11]} 33. Rd1+ {[%clk 0:25:31]} Ke7 {[%clk 0:09:16]} 34. h3
{[%clk 0:25:44]} Nd7 {[%clk 0:08:51]} 35. a5 {[%clk 0:23:31]} Nc5
{[%clk 0:08:41]} 36. Bc2 {[%clk 0:23:00]} Nc6 {[%clk 0:08:20]} 37. Ra1
{[%clk 0:23:03]} g5 {[%clk 0:03:46]} 38. Bd1 {[%clk 0:21:59]} e5 {[%clk 0:02:17]}
39. Bc2 {[%clk 0:17:02]} Nd4 {[%clk 0:01:39]} 40. Bb1 {[%clk 0:46:30]} Kd6
{[%clk 0:31:20]} 41. Ra3 {[%clk 0:46:04]} Bb3 {[%clk 0:29:58]} 42. Ne8+
{[%clk 0:44:50]} Ke7 {[%clk 0:29:59]} 43. Ng7 {[%clk 0:45:04]} Nb5
{[%clk 0:27:33]} 44. Nf5+ {[%clk 0:45:02]} Kd7 {[%clk 0:27:47]} 45. Ra1
{[%clk 0:45:03]} Nc3 {[%clk 0:26:25]} 46. Be4 {[%clk 0:42:09]} Bd5
{[%clk 0:21:48]} 47. Rc1 {[%clk 0:37:54]} N5a4 {[%clk 0:20:20]} 48. Kd3
{[%clk 0:36:25]} Bxe4+ {[%clk 0:20:02]} 49. fxe4 {[%clk 0:36:49]} Nb5
{[%clk 0:20:27]} 50. Rc2 {[%clk 0:36:44]} Kd8 {[%clk 0:17:57]} 51. Kd2
{[%clk 0:35:34]} Na3 {[%clk 0:14:10]} 52. Rc7 {[%clk 0:33:36]} Nb2
{[%clk 0:13:21]} 53. Nd6 {[%clk 0:33:41]} Nb5 {[%clk 0:13:04]} 54. Nxb7+
{[%clk 0:32:21]} Ke8 {[%clk 0:13:19]} 55. Rc2 {[%clk 0:32:20]} Na4
{[%clk 0:13:18]} 56. Rc4 {[%clk 0:32:16]} 1-0

[Event "ureki 2015"]
[Site "?"]
[Date "2015.10.06"]
[Round "2.7"]
[White "Morchiashvili, Bachana"]
[Black "Fier, Alexandr"]
[Result "0-1"]
[LiveChessVersion "1.3.1"]
[BlackElo "2624"]
[WhiteElo "2331"]

1. e4 c5 2. Nf3 e6 3. d4 cxd4 4. Nxd4 Nf6 5. Nc3 d6 6. Be2 Be7 7. O-O O-O 8. f4
Nc6 9. Be3 Bd7 10. Kh1 a6 11. a4 Rc8 12. Nb3 Na5 13. e5 Ne8 14. Nxa5 Qxa5 15. Bd3
Bc6 16. Bd4 Rd8 17. b4 Qxb4 18. Rb1 Qa5 19. Bb6 Qxc3 20. Rb3 Bxg2+ 21. Kxg2 Qc6+
22. Kg1 {[%clk 0:20:26]} Rd7 {[%clk 1:19:30]} 23. Qe2 {[%clk 0:15:45]} g6
{[%clk 1:18:13]} 24. f5 {[%clk 0:15:03]} dxe5 {[%clk 1:17:56]} 25. Be4
{[%clk 0:15:26]} Qxa4 {[%clk 1:16:47]} 26. fxe6 {[%clk 0:15:07]} fxe6
{[%clk 1:17:12]} 27. Rxf8+ {[%clk 0:13:34]} Bxf8 {[%clk 1:17:01]} 28. Rf3
{[%clk 0:13:05]} Nd6 {[%clk 1:15:29]} 29. Bc5 {[%clk 0:08:33]} Qxe4
{[%clk 1:13:20]} 30. Rxf8+ {[%clk 0:07:45]} Kg7 {[%clk 1:12:55]} 0-1

[Event "ureki 2015"]
[Site "?"]
[Date "2015.10.06"]
[Round "2.8"]
[White "Jojua, Davit"]
[Black "Chkhaidze, Nikoloz"]
[Result "1-0"]
[LiveChessVersion "1.3.1"]
[BlackElo "2323"]
[WhiteElo "2580"]

1. d4 {[%clk 1:30:57]} Nf6 {[%clk 1:30:58]} 2. c4 {[%clk 1:31:20]} g6
{[%clk 1:31:24]} 3. Nc3 {[%clk 1:31:24]} d5 {[%clk 1:31:46]} 4. Nf3
{[%clk 1:31:49]} Bg7 {[%clk 1:32:12]} 5. Qb3 {[%clk 1:32:04]} dxc4
{[%clk 1:32:27]} 6. Qxc4 {[%clk 1:32:29]} O-O {[%clk 1:32:44]} 7. e4
{[%clk 1:32:55]} a6 {[%clk 1:32:49]} 8. Be2 {[%clk 1:32:54]} b5 {[%clk 1:32:08]}
9. Qb3 {[%clk 1:33:14]} Bb7 {[%clk 1:27:00]} 10. e5 {[%clk 1:30:47]} Nd5
{[%clk 1:24:03]} 11. a4 {[%clk 1:19:27]} Nxc3 {[%clk 1:16:54]} 12. Qxc3
{[%clk 1:18:12]} bxa4 {[%clk 1:11:23]} 13. Rxa4 {[%clk 1:13:31]} Nd7
{[%clk 1:11:14]} 14. O-O {[%clk 1:06:44]} c5 {[%clk 1:01:48]} 15. dxc5
{[%clk 0:59:33]} Qc7 {[%clk 0:58:05]} 16. Bf4 {[%clk 0:48:30]} Rac8
{[%clk 0:34:48]} 17. b4 {[%clk 0:33:02]} Nb6 {[%clk 0:21:44]} 18. Ra3
{[%clk 0:31:52]} Nd5 {[%clk 0:21:39]} 19. Qd2 {[%clk 0:31:17]} Nxf4
{[%clk 0:20:16]} 20. Qxf4 {[%clk 0:31:37]} Bxf3 {[%clk 0:15:15]} 21. Qxf3
{[%clk 0:26:30]} Bxe5 {[%clk 0:15:25]} 22. Rxa6 {[%clk 0:23:03]} Bxh2+
{[%clk 0:14:24]} 23. Kh1 {[%clk 0:23:30]} Be5 {[%clk 0:14:16]} 24. Rc1
{[%clk 0:23:37]} Rfd8 {[%clk 0:12:11]} 25. b5 {[%clk 0:20:39]} e6
{[%clk 0:09:48]} 26. g3 {[%clk 0:16:19]} Qe7 {[%clk 0:08:32]} 27. c6
{[%clk 0:15:43]} Qg5 {[%clk 0:06:16]} 28. Rc2 {[%clk 0:10:08]} Rd2
{[%clk 0:06:24]} 29. Rxd2 {[%clk 0:08:01]} Qxd2 {[%clk 0:06:50]} 30. Ra7
{[%clk 0:07:56]} f5 {[%clk 0:03:35]} 31. Kg2 {[%clk 0:06:25]} Qb4
{[%clk 0:00:44]} 32. Qe3 {[%clk 0:03:55]} Qd4 {[%clk 0:00:53]} 33. Qxd4
{[%clk 0:02:01]} Bxd4 {[%clk 0:01:20]} 34. Rb7 {[%clk 0:02:23]} Be5
{[%clk 0:01:33]} 35. f4 {[%clk 0:00:58]} Bd6 {[%clk 0:01:55]} 36. Rd7
{[%clk 0:01:14]} Bc5 {[%clk 0:01:23]} 37. Bc4 {[%clk 0:00:49]} Kh8
{[%clk 0:01:02]} 38. Bxe6 {[%clk 0:00:56]} Re8 {[%clk 0:01:08]} 39. c7
{[%clk 0:00:58]} Bb6 {[%clk 0:01:20]} 40. Re7 {[%clk 0:31:22]} 1-0

[Event "ureki 2015"]
[Site "?"]
[Date "2015.10.06"]
[Round "2.9"]
[White "Chkhikvishvili, Mindia"]
[Black "Maghalashvili, Davit"]
[Result "0-1"]
[LiveChessVersion "1.3.1"]
[BlackElo "2504"]
[WhiteElo "2057"]

1. e4 {[%clk 1:30:56]} c5 {[%clk 1:30:55]} 2. Nf3 {[%clk 1:31:16]} d6
{[%clk 1:31:14]} 3. d4 {[%clk 1:31:09]} cxd4 {[%clk 1:31:37]} 4. Qxd4
{[%clk 1:31:21]} a6 {[%clk 1:29:34]} 5. Be3 {[%clk 1:29:18]} Nc6 {[%clk 1:28:58]}
6. Qb6 {[%clk 1:26:44]} Qxb6 {[%clk 1:25:23]} 7. Bxb6 {[%clk 1:26:55]} Nf6
{[%clk 1:25:51]} 8. Nc3 {[%clk 1:24:56]} g6 {[%clk 1:18:57]} 9. Nd5
{[%clk 1:09:53]} Nxd5 {[%clk 1:17:33]} 10. exd5 {[%clk 1:10:04]} Nb4
{[%clk 1:08:40]} 11. O-O-O {[%clk 1:09:21]} Bh6+ {[%clk 1:07:30]} 12. Kb1
{[%clk 1:08:19]} Bf5 {[%clk 1:07:33]} 13. Nd4 {[%clk 0:57:15]} Bg4
{[%clk 1:07:18]} 14. f3 {[%clk 0:52:25]} Nxd5 {[%clk 1:06:27]} 15. Nb5
{[%clk 0:51:41]} axb5 {[%clk 1:03:55]} 16. Rxd5 {[%clk 0:44:23]} Be6
{[%clk 1:03:34]} 17. Rxb5 {[%clk 0:34:46]} Bxa2+ {[%clk 1:03:44]} 18. Ka1
{[%clk 0:35:13]} Bc4+ {[%clk 1:02:12]} 19. Ra5 {[%clk 0:35:40]} Rxa5+
{[%clk 1:02:23]} 20. Bxa5 {[%clk 0:36:08]} Bxf1 {[%clk 1:02:35]} 21. Rxf1
{[%clk 0:36:36]} Kd7 {[%clk 1:02:31]} 22. Bc3 {[%clk 0:34:47]} Ra8+
{[%clk 1:02:24]} 23. Kb1 {[%clk 0:33:07]} e5 {[%clk 1:01:11]} 24. Re1
{[%clk 0:32:00]} f5 {[%clk 1:00:09]} 25. b3 {[%clk 0:31:07]} Ke6 {[%clk 1:00:00]}
26. Re2 {[%clk 0:27:56]} Rc8 {[%clk 0:57:44]} 27. Bb2 {[%clk 0:19:51]} b5
{[%clk 0:57:47]} 28. Ba3 {[%clk 0:20:04]} d5 {[%clk 0:56:29]} 29. Bb2
{[%clk 0:19:46]} e4 {[%clk 0:56:45]} 30. Bd4 {[%clk 0:15:31]} Bf4
{[%clk 0:52:37]} 31. g3 {[%clk 0:11:35]} Be5 {[%clk 0:52:24]} 32. Bxe5
{[%clk 0:07:32]} Kxe5 {[%clk 0:52:47]} 33. f4+ {[%clk 0:07:33]} Kd4
{[%clk 0:47:51]} 34. Rd2+ {[%clk 0:07:47]} Ke3 {[%clk 0:47:30]} 35. Rxd5
{[%clk 0:08:05]} Kf2 {[%clk 0:45:30]} 36. Rxb5 {[%clk 0:06:44]} Re8
{[%clk 0:45:29]} 37. c4 {[%clk 0:05:23]} e3 {[%clk 0:45:47]} 38. Ra5
{[%clk 0:05:43]} e2 {[%clk 0:44:56]} 39. Ra2 {[%clk 0:06:06]} Rd8
{[%clk 0:41:36]} 40. Rxe2+ {[%clk 0:36:00]} Kxe2 {[%clk 1:11:56]} 41. Kc2
{[%clk 0:36:26]} Rd3 {[%clk 1:11:28]} 42. c5 {[%clk 0:36:28]} Ke3
{[%clk 1:11:44]} 0-1